| 000 | 00390nam a2200157Ia 4500 | ||
|---|---|---|---|
| 008 | 170705s9999 xx 000 0 und d | ||
| 020 | _a590689517 | ||
| 245 | _aOlive, the other reindeer / | ||
| 245 | _cJ. Otto Seibold and Vivian Walsh. | ||
| 260 | _aNew York : | ||
| 260 | _bScholastic, | ||
| 300 | _aunpaged : | ||
| 300 | _bcolor illustration ; | ||
| 300 | _c24cm. | ||
| 500 | _a540 | ||
| 999 |
_c336016 _d336016 |
||